| 000 | 02015nas a2200301 a 4500 | ||
|---|---|---|---|
| 003 | DO-SdUA | ||
| 005 | 20250415101404.0 | ||
| 007 | ta | ||
| 008 | 250411e2009 dr m p|r| || | spa d | ||
| 035 | _a(DO-SdUA)46533 | ||
| 040 |
_aDO-SdUA _bspa _cDO-SdUA _dDO-SdBNP _erda |
||
| 041 | 0 | _aspa | |
| 245 | 0 | 0 |
_aPuro turismo / _cCaribbean Traveling Network Dominicano. |
| 264 |
_aSanto Domingo, República Dominicana : _bCaribbean Traveling Network Dominicano, _c2009-. |
||
| 300 |
_avolumen : _bilustraciones, fotografías, mapas ; _c38 cm. |
||
| 310 | _aMensual. | ||
| 336 |
_atexto _btxt _2rdacontent |
||
| 337 |
_asin mediación _bn _2rdamedia |
||
| 338 |
_avolumen _bnc _2rdacarrier |
||
| 362 | _aAño: 2. Número: 15. 2009. | ||
| 500 | _aÚnico periódico especializado en turismo de la República Dominicana. Editado por Caribbean Traveling Network (CTN). | ||
| 500 | _aSabemos lo importante que es para República Dominicana dar a conocer sus más atractivos hoteles, playas y montañas, y también conocer los tesoros de otros países. Consciente de esto, el canal Turístico Caribbean Traveling Network dominicano (CTN) presentó la primera edición impresa de su nuevo medio masivo de comunicación denominado "Puro Turismo". Este periódico en forma tabloide, en su primera fase se publicará una vez al mes y estará en circulación a partir de hoy a través de Omnimedia en los principales núcleos poblacionales de todo el país. Miguel Calzada León, presidente de CTN y director del nuevo tabloide, agradeció la asistencia a todos los presentes y la colaboración recibida del Grupo Omnimedia y su personal ejecutivo en la consecución del proyecto. | ||
| 650 | 7 |
_aTurismo _vPublicaciones seriadas _zRepública Dominicana _2lemb _987425 |
|
| 650 | 0 |
_aPromoción de turismo _vPublicaciones periódicas _zRepública Dominicana _964013 |
|
| 710 | 2 |
_aCaribbean Traveling Network Dominicano _987426 |
|
| 856 |
_aPuro Turismo _uhttps://issuu.com/puroturismo/docs/puro_turismo_peq1 |
||
| 942 |
_2ddc _cISSUE |
||
| 999 |
_c58714 _d58714 |
||